Statystyki dla gminy powiatu legionowskiego

Kliknij tutaj aby rozwiązać quiz!

Ogólne statystyki

  • Ten quiz został rozwiązany 80 razy
  • Średni wynik to 4 z 5

Odpowiedzi na mapie

Odpowiedzi skodowane kolorowo w zielono-czerwonej skali na mapie do tego quizu, zgodnie z poniższymi procentami.
 

Statystyki odpowiedzi

GminaOdpowiedź% Poprawnych
miejska
Legionowo
97%
wiejskaJabłonna
93%
miejsko-wiejskaSerock
86%
wiejskaWieliszew
85%
wiejskaNieporęt
80%

Rozkład punktacji

Percentyl według liczby udzielonych odpowiedzi

Procent ludzi z każdym wynikiem

Twoja historia wyników

Nie rozwiązałeś tego quizu